| 000 | 00422nam a2200157 a 4500 | ||
|---|---|---|---|
| 001 | 2438 | ||
| 003 | CDMR | ||
| 005 | 20130116135230.0 | ||
| 008 | 130130s1967||||||||||||||||||||||||||||d | ||
| 040 |
_aCDMR _bcat _cCDMR |
||
| 100 | 1 |
_aEmery, Edwin _9807 |
|
| 245 | 1 | 4 |
_aLas comunicaciones en el mundo actual _cEdwin Emery i Phillip H. Ault i Warren K. Agee |
| 260 |
_aCali _c1967 _bNorma |
||
| 300 |
_a611 p ; _c20 cm |
||
| 942 | _cMON | ||
| 999 |
_c2438 _d2438 |
||